Electron optical systems for microscopy, microanalysis & microlithography : proceedings of the 3rd Pfefferkorn Conference, held April 9 to 14, 1984, at the Carousel Hotel, Ocean City, MD /
Guardado en:
| Autor Corporativo: | |
|---|---|
| Otros Autores: | , |
| Formato: | Libro |
| Idioma: | English |
| Publicado: |
AMF O'Hare [Chicago], IL. U.S.A. :
Scanning Electron Microscopy,
c1984.
|
| Materias: | |
| Etiquetas: |
Agregar Etiqueta
Sin Etiquetas, Sea el primero en etiquetar este registro!
|
| LEADER | 01329nam a22003015a 4500 | ||
|---|---|---|---|
| 001 | EIQ.libpla004030 | ||
| 008 | 880517s1984####ilua#####b####101#0#eng#d | ||
| 005 | 20130306122633.0 | ||
| 245 | 1 | 0 | |a Electron optical systems for microscopy, microanalysis & microlithography : |b proceedings of the 3rd Pfefferkorn Conference, held April 9 to 14, 1984, at the Carousel Hotel, Ocean City, MD / |c edited by John J. Hren ... [et al.] ; managing editor, Sudha A. Bhatt. |
| 260 | |a AMF O'Hare [Chicago], IL. U.S.A. : |b Scanning Electron Microscopy, |c c1984. | ||
| 300 | |a 272, viii p. : |b il. ; |c 29 cm. | ||
| 504 | |a Incluye referencias bibliográficas e índices. | ||
| 020 | |a 0931288347 | ||
| 111 | 2 | |a Pfefferkorn Conference |n (3rd : |d 1984 : |c Ocean City, Md.) | |
| 700 | 1 | |a Hren, John J., |e ed. |4 edt | |
| 700 | 1 | |a Bhatt, Sudha A., |e ed. |4 edt | |
| 082 | 0 | 0 | |a 535/.3325 |2 19 |
| 650 | 4 | |a Óptica electrónica |x Congresos. | |
| 650 | 4 | |a Microscopía electrónica |x Congresos. | |
| 650 | 4 | |a Microquímica |x Congresos. | |
| 650 | 4 | |a Lentes magnéticas |x Congresos. | |
| 650 | 0 | |a Electron optics |x Congresses. | |
| 650 | 0 | |a Electron microscopy |x Congresses. | |
| 650 | 0 | |a Microchemistry |x Congresses. | |
| 650 | 0 | |a Magnetic lenses |x Congresses. | |
| 010 | |a 88141378 | ||
| 040 | |a DLC |c DLC |d AR-BbSID | ||
| 859 | |a AR-BbSID |b BIB. PLAPIQUI |h 545.84 |i P 475 |p 3270 | ||
